A Course of Workshop Drawing (Record no. 183042)
[ view plain ]
| 000 -LEADER | |
|---|---|
| fixed length control field | 00987 a2200169 4500 |
| 003 - CONTROL NUMBER IDENTIFIER | |
| control field | Nust |
| 005 - DATE AND TIME OF LATEST TRANSACTION | |
| control field | 20221013185549.0 |
| 040 ## - CATALOGING SOURCE | |
| Transcribing agency | Nust |
| 082 ## - DEWEY DECIMAL CLASSIFICATION NUMBER | |
| Classification number | 604.2,DAR |
| 100 ## - MAIN ENTRY--PERSONAL NAME | |
| Personal name | A.Darling, Henry |
| 9 (RLIN) | 100235 |
| 245 ## - TITLE STATEMENT | |
| Title | A Course of Workshop Drawing |
| Statement of responsibility, etc. | Henry A.Darling |
| 260 ## - PUBLICATION, DISTRIBUTION, ETC. | |
| Place of publication, distribution, etc. | London |
| Name of publisher, distributor, etc. | Blackie |
| 505 ## - FORMATTED CONTENTS NOTE | |
| Formatted contents note | Description And Use Of Instruments (Page-1),Use The Scales (Page-13),Preparation Of Drawing (Page-19),Lines And Angles (Page-22), The Circle(Page-28),The Triangle (Page-40), Plane Figures(Page-47), Regular Polygons(Page-53),Mensruation Of The Circle (Page-56), Simple Solids(Page-60), Sketching(Page-65),Pictorial Projection (Page-67), Isometric Projection(Page-73), Orthographic Projection(Page-79), Sectional Views(Page-87),Intersections Of Solids (Page-98), Developments Of Surface(Page-109),Helices And Screw Threads (Page-113),Loci (Page-117),Lines And Planes (Page-122). |
| 600 ## - SUBJECT ADDED ENTRY--PERSONAL NAME | |
| Personal name | Henry A Darling |
| 9 (RLIN) | 100236 |
| 650 ## - SUBJECT ADDED ENTRY--TOPICAL TERM | |
| Topical term or geographic name entry element | Workshop Drawing |
| 9 (RLIN) | 100237 |
| 942 ## - ADDED ENTRY ELEMENTS (KOHA) | |
| Source of classification or shelving scheme | |
| Koha item type | Book |
| Withdrawn status | Lost status | Source of classification or shelving scheme | Damaged status | Not for loan | Permanent Location | Current Location | Shelving location | Date acquired | Full call number | Barcode | Date last seen | Price effective from | Koha item type | Public note |
|---|---|---|---|---|---|---|---|---|---|---|---|---|---|---|
| Military College of Signals (MCS) | Military College of Signals (MCS) | General Stacks | 12/12/2016 | 604.2,DAR | MCS29762 | 12/08/2016 | 12/12/2016 | Book | Almirah No.26, Shelf No.1 |
